[Event "Campeonato de España sub-16 2011"]
[Site "Padron ESP"]
[Date "2011.07.19"]
[Round "2.8"]
[White "Santos Latasa, Jaime"]
[Black "Donado-Mazarron, Gomez Miguel"]
[Result "1-0"]
[WhiteElo "2242"]
[BlackElo "1953"]
[PlyCount "43"]
[EventDate "2011.07.19"]
[EventType "swiss"]
[EventRounds "9"]
[EventCountry "ESP"]
[Source "lmi"]
[SourceDate "2011.07.19"]

1. e4 c5 2. Nf3 d6 3. d4 cxd4 4. Nxd4 Nf6 5. Nc3 a6 6. h3 e6 7. g4 d5 8. exd5
Nxd5 9. Nde2 Bb4 10. Bg2 Nc6 11. O-O Nxc3 12. Nxc3 O-O 13. Qxd8 Rxd8 14. Na4 e5
15. c3 Ba5 16. Be3 Be6 17. Nc5 Bc4 18. Nxb7 Bxf1 19. Kxf1 Ne7 20. Nxa5 Rab8 21.
Bc5 Rxb2 22. Nc4 1-0

[Event "Campeonato de España sub-16 2011"]
[Site "Padron ESP"]
[Date "2011.07.19"]
[Round "2.9"]
[White "Fernandez Lledo, Javier"]
[Black "Perez Barreto, Adrian"]
[Result "0-1"]
[WhiteElo "2204"]
[BlackElo "1934"]
[PlyCount "63"]
[EventDate "2011.07.19"]
[EventType "swiss"]
[EventRounds "9"]
[EventCountry "ESP"]
[Source "lmi"]
[SourceDate "2011.07.19"]

1. e4 c5 2. Nf3 e6 3. d4 cxd4 4. Nxd4 Nc6 5. Nc3 Qc7 6. Be3 a6 7. Qd2 Bb4 8.
O-O-O Nf6 9. f3 Ne5 10. Nb3 b5 11. Kb1 Be7 12. Qf2 Rb8 13. Ba7 Rb7 14. Bd4 d6
15. g4 O-O 16. g5 Nfd7 17. Rg1 Nc5 18. f4 Ned7 19. f5 b4 20. f6 bxc3 21. fxe7
Re8 22. Qh4 Nxb3 23. axb3 Rxb3 24. Rd3 Rxb2+ 25. Kc1 Qb7 26. Bxc3 Rb1+ 27. Kd2
Nc5 28. Re3 e5 29. g6 hxg6 30. Rxg6 fxg6 31. Bc4+ Be6 32. Bd4 0-1

[Event "Campeonato de España sub-16 2011"]
[Site "Padron ESP"]
[Date "2011.07.19"]
[Round "2.10"]
[White "Arellano Pardo, Martin"]
[Black "Tallo Dominguez, Imar"]
[Result "0-1"]
[WhiteElo "1926"]
[BlackElo "2176"]
[PlyCount "90"]
[EventDate "2011.07.19"]
[EventType "swiss"]
[EventRounds "9"]
[EventCountry "ESP"]
[Source "lmi"]
[SourceDate "2011.07.19"]

1. e4 e5 2. Nc3 Nf6 3. f4 d5 4. fxe5 Nxe4 5. Nf3 Be7 6. Qe2 Nxc3 7. dxc3 c5 8.
Bf4 Nc6 9. O-O-O Be6 10. Kb1 h6 11. h3 Qa5 12. Qd2 O-O-O 13. g4 b5 14. b3 Rd7
15. Rh2 Rhd8 16. Qe1 a6 17. Bc1 d4 18. cxd4 Qxe1 19. Nxe1 Rxd4 20. Rxd4 Rxd4
21. Nf3 Rd7 22. Bd3 c4 23. Be4 Nb4 24. Kb2 c3+ 25. Kxc3 Nxa2+ 26. Kb2 Nxc1 27.
Kxc1 Ba3+ 28. Kb1 Rd1+ 29. Ka2 Bb4 30. Kb2 Kc7 31. Bd3 Bc5 32. Be2 Rd8 33. c3
Kb6 34. Kc2 a5 35. Rh1 a4 36. bxa4 bxa4 37. Nd2 Kc7 38. Ra1 a3 39. c4 Bd7 40.
Nb3 Bb4 41. Bf3 Ba4 42. Bd5 Re8 43. c5 Rxe5 44. Bxf7 Re3 45. h4 Rc3+ 0-1

[Event "Campeonato de España sub-16 2011"]
[Site "Padron ESP"]
[Date "2011.07.19"]
[Round "2.11"]
[White "Aranaz Murillo, Amalia"]
[Black "Garcia Rodriguez, Sara"]
[Result "1-0"]
[WhiteElo "2176"]
[BlackElo "1926"]
[PlyCount "53"]
[EventDate "2011.07.19"]
[EventType "swiss"]
[EventRounds "9"]
[EventCountry "ESP"]
[Source "lmi"]
[SourceDate "2011.07.19"]

1. Nf3 Nf6 2. c4 g6 3. g3 Bg7 4. Bg2 d6 5. d4 O-O 6. O-O Nbd7 7. Nc3 c5 8. b3
a6 9. a4 cxd4 10. Nxd4 Rb8 11. h3 Nc5 12. Be3 Ne6 13. Qd2 Nc7 14. Rad1 Be6 15.
a5 Nd7 16. f4 Re8 17. g4 Nf8 18. Nxe6 Ncxe6 19. Nd5 Qd7 20. Ba7 Rbd8 21. b4 h6
22. Be3 Nh7 23. f5 Nef8 24. Bxh6 e6 25. Bxg7 exd5 26. Bxf8 Nxf8 27. Bxd5 1-0

[Event "Campeonato de España sub-16 2011"]
[Site "Padron ESP"]
[Date "2011.07.19"]
[Round "2.12"]
[White "Segura Santos, Luis"]
[Black "Navarrete Espi, Samuel"]
[Result "1-0"]
[WhiteElo "1923"]
[BlackElo "2169"]
[PlyCount "45"]
[EventDate "2011.07.19"]
[EventType "swiss"]
[EventRounds "9"]
[EventCountry "ESP"]
[Source "lmi"]
[SourceDate "2011.07.19"]

1. e4 e5 2. Nf3 Nc6 3. d4 exd4 4. Bc4 Bc5 5. c3 Nf6 6. cxd4 Bb4+ 7. Bd2 Bxd2+
8. Nbxd2 d5 9. exd5 Nxd5 10. Qb3 Na5 11. Qa4+ Nc6 12. Qb3 Nce7 13. O-O O-O 14.
Rfe1 c6 15. Rac1 Qb6 16. Qa3 Ng6 17. Bxd5 cxd5 18. Rc5 Be6 19. Qc3 Qa6 20. Ng5
Nf4 21. Kh1 Nd3 22. Ra5 Qb6 23. Qxd3 1-0

[Event "Campeonato de España sub-16 2011"]
[Site "Padron ESP"]
[Date "2011.07.19"]
[Round "2.13"]
[White "Villasenor Rubio, Emilio Jose"]
[Black "Norte Garcia, Andrea"]
[Result "1-0"]
[WhiteElo "2159"]
[BlackElo "1910"]
[PlyCount "98"]
[EventDate "2011.07.19"]
[EventType "swiss"]
[EventRounds "9"]
[EventCountry "ESP"]
[Source "lmi"]
[SourceDate "2011.07.19"]

1. c4 Nf6 2. Nc3 g6 3. d4 Bg7 4. e4 d6 5. Nf3 O-O 6. h3 e5 7. d5 a5 8. g4 Na6
9. Be3 c6 10. Nd2 h5 11. Be2 hxg4 12. hxg4 Nc7 13. f3 Bd7 14. a4 Nh7 15. Nf1
cxd5 16. cxd5 Ng5 17. Qd2 Bf6 18. Ng3 Kg7 19. Kf2 Qe7 20. Kg2 Rh8 21. Bb6 Na6
22. Bxa6 Rxa6 23. Rxh8 Kxh8 24. Be3 Ra8 25. Nge2 Kg7 26. Rh1 Rh8 27. Rxh8 Kxh8
28. Bb6 Qf8 29. Bxa5 Qh6 30. Ng1 Qh4 31. Qf2 Qh6 32. Bb6 Nh7 33. Nh3 Ng5 34.
Nxg5 Bxg5 35. Kg1 Bf4 36. a5 Qg5 37. Kf1 Bd2 38. Nb1 Bb5+ 39. Kg1 Bf4 40. Nc3
Bd7 41. Ne2 Kg7 42. Nxf4 Qxf4 43. Be3 Qf6 44. Kg2 Qd8 45. Qd2 Qc8 46. Kg3 Qh8
47. Qc1 Bb5 48. Bg5 Qe8 49. Qc7 Qd7 1-0

[Event "Campeonato de España sub-16 2011"]
[Site "Padron ESP"]
[Date "2011.07.19"]
[Round "2.14"]
[White "Pinsach Gelabert, Alexandre"]
[Black "Quintin Navarro, Alberto"]
[Result "0-1"]
[WhiteElo "1896"]
[BlackElo "2153"]
[PlyCount "72"]
[EventDate "2011.07.19"]
[EventType "swiss"]
[EventRounds "9"]
[EventCountry "ESP"]
[Source "lmi"]
[SourceDate "2011.07.19"]

1. e4 c5 2. Nf3 d6 3. d4 Nf6 4. Nc3 cxd4 5. Nxd4 a6 6. Bc4 e6 7. O-O Be7 8. Bb3
O-O 9. Qf3 Qc7 10. Qg3 Nc6 11. Nxc6 Qxc6 12. Bh6 Ne8 13. Rad1 Rb8 14. Rd3 b5
15. Rfd1 Kh8 16. Bf4 b4 17. Ba4 Qb7 18. Bxe8 bxc3 19. Ba4 e5 20. Bg5 f6 21. Be3
Qxe4 22. Bb3 cxb2 23. Rb1 Bd7 24. Rxb2 Ba4 25. f3 Qf5 26. Bc1 Bxb3 27. Rbxb3
Rxb3 28. axb3 d5 29. Qg4 Qxg4 30. fxg4 Rd8 31. c4 d4 32. Bb2 e4 33. Rd1 d3 34.
Bc1 Bc5+ 35. Kf1 e3 36. Ke1 Bb4+ 0-1

[Event "Campeonato de España sub-16 2011"]
[Site "Padron ESP"]
[Date "2011.07.19"]
[Round "2.15"]
[White "Ballester Llagaria, Luis Eduard"]
[Black "Ruiz Abad, Juan Manuel"]
[Result "1-0"]
[WhiteElo "2139"]
[BlackElo "1896"]
[PlyCount "119"]
[EventDate "2011.07.19"]
[EventType "swiss"]
[EventRounds "9"]
[EventCountry "ESP"]
[Source "lmi"]
[SourceDate "2011.07.19"]

1. e4 c5 2. Nf3 Nc6 3. d4 cxd4 4. Nxd4 Nf6 5. Nc3 e5 6. Ndb5 d6 7. Bg5 a6 8.
Na3 b5 9. Nd5 Be7 10. Bxf6 Bxf6 11. c4 b4 12. Nc2 a5 13. g3 Bg5 14. Bg2 O-O 15.
O-O Be6 16. Qd3 Bxd5 17. Qxd5 Ne7 18. Qd3 Qc7 19. Rad1 Rad8 20. Kh1 Ng6 21. b3
Qc5 22. Qe2 Bh6 23. Rd5 Qc7 24. Rfd1 Ne7 25. R5d3 Nc6 26. Qg4 Kh8 27. f4 exf4
28. gxf4 g6 29. Ne3 Bg7 30. Nd5 Qa7 31. Qh4 f5 32. Rh3 h6 33. Rg3 Qf7 34. Rg1
Nd4 35. Bf1 fxe4 36. Qh3 Kh7 37. Rxg6 Qxg6 38. Rxg6 Kxg6 39. Qg2+ Kf7 40. Qxe4
Rde8 41. Qb1 Kg8 42. Bd3 Re6 43. f5 Re5 44. f6 Rxf6 45. Nxf6+ Bxf6 46. Qg1+ Bg7
47. Qg6 Nf3 48. Be4 Ng5 49. Bd5+ Kh8 50. Qxd6 Re1+ 51. Kg2 Re2+ 52. Kf1 Rxa2
53. h4 Nh7 54. c5 Nf6 55. Be6 Rf2+ 56. Kg1 Ne4 57. Qd8+ Rf8 58. Qd5 Nc3 59. Qd3
Bd4+ 60. Qxd4+ 1-0

[Event "Campeonato de España sub-16 2011"]
[Site "Padron ESP"]
[Date "2011.07.19"]
[Round "2.16"]
[White "Cerezo Gaston, Alberto"]
[Black "Silva Rodriguez, Julio"]
[Result "1/2-1/2"]
[WhiteElo "1894"]
[BlackElo "2133"]
[PlyCount "106"]
[EventDate "2011.07.19"]
[EventType "swiss"]
[EventRounds "9"]
[EventCountry "ESP"]
[Source "lmi"]
[SourceDate "2011.07.19"]

1. d4 d5 2. c4 c6 3. Nc3 dxc4 4. a4 Nf6 5. e3 Bf5 6. Bxc4 e6 7. Nf3 Bb4 8. O-O
O-O 9. Nh4 Bg4 10. f3 Bh5 11. g4 Nd5 12. Qe1 Be7 13. Ng2 Bg6 14. Bxd5 cxd5 15.
Qd1 Nc6 16. Nf4 Bd6 17. Nxg6 fxg6 18. Nb5 Bb8 19. Bd2 a6 20. Na3 Qh4 21. Qe2 e5
22. Be1 Qf6 23. dxe5 Bxe5 24. f4 Bxb2 25. g5 Qe6 26. Qxb2 Qxe3+ 27. Qf2 Qe4 28.
Qf3 Qf5 29. Rd1 d4 30. Qd3 Qg4+ 31. Bg3 Rad8 32. Qb3+ Kh8 33. Qxb7 Qe6 34. Rfe1
Qd5 35. Qxa6 d3 36. Qc4 Qd7 37. Nb5 Na5 38. Qc7 Qxc7 39. Nxc7 d2 40. Re2 Nc4
41. Ne6 Rfe8 42. Re4 Rc8 43. Nc5 Rxe4 44. Nxe4 Rd8 45. Bf2 Kg8 46. Kf1 Kf7 47.
Ke2 Re8 48. Kf3 Rd8 49. Be3 Rd3 50. Kf2 Nxe3 51. Rxd2 Ra3 52. Nd6+ Ke6 53. Re2
Kxd6 1/2-1/2

[Event "Campeonato de España sub-16 2011"]
[Site "Padron ESP"]
[Date "2011.07.20"]
[Round "3.1"]
[White "Anton Guijarro, David"]
[Black "Nicolas Zapata, Irene"]
[Result "1/2-1/2"]
[WhiteElo "2473"]
[BlackElo "2117"]
[PlyCount "115"]
[EventDate "2011.07.19"]
[EventType "swiss"]
[EventRounds "9"]
[EventCountry "ESP"]
[Source "lmi"]
[SourceDate "2011.07.19"]

1. e4 c5 2. Nf3 Nc6 3. Bb5 g6 4. Bxc6 dxc6 5. h3 Bg7 6. d3 e5 7. Nc3 Qe7 8. Be3
Nf6 9. Qd2 h6 10. a3 Nd7 11. O-O Nf8 12. b4 Ne6 13. bxc5 Nd4 14. Bxd4 exd4 15.
Na4 O-O 16. Qb4 Qf6 17. e5 Qf4 18. Rae1 Bxh3 19. Re4 Qf5 20. Qxb7 Rfc8 21. Qe7
Qe6 22. Qh4 Bf5 23. Nxd4 Qa2 24. Nxf5 gxf5 25. Rc4 Rab8 26. f4 Rc7 27. Qh3 Rcb7
28. Kh2 Qxa3 29. Rf3 Rb1 30. Qxf5 Qc1 31. Re4 Qh1+ 32. Kg3 Kh8 33. Qh3 Qc1 34.
Nc3 Ra1 35. Ne2 Qe1+ 36. Kg4 Rg8 37. Kh5 Qa5 38. d4 Qd8 39. Ng3 Rg1 40. Re2
Qxd4 41. Nf5 Qd1 42. Ng3 Bf8 43. Ref2 Rxg3 44. Qxg3 Rh1+ 45. Kg4 h5+ 46. Kg5
Qd8+ 47. Kf5 Qd7+ 48. Ke4 Qd5+ 49. Kf5 Qd7+ 50. Ke4 h4 51. Qg5 Re1+ 52. Re3
Qd5+ 53. Kf5 Rxe3 54. Qxh4+ Kg8 55. Qg4+ Bg7 56. Kg5 Qd8+ 57. Kh5 Re1 58. Rf3
1/2-1/2

[Event "Campeonato de España sub-16 2011"]
[Site "Padron ESP"]
[Date "2011.07.20"]
[Round "3.2"]
[White "Martin Duque, Jesus"]
[Black "Pardo Simon, David"]
[Result "0-1"]
[WhiteElo "2124"]
[BlackElo "2388"]
[PlyCount "134"]
[EventDate "2011.07.19"]
[EventType "swiss"]
[EventRounds "9"]
[EventCountry "ESP"]
[Source "lmi"]
[SourceDate "2011.07.19"]

1. e4 e5 2. Nf3 Nc6 3. Bb5 a6 4. Bxc6 dxc6 5. O-O Qd6 6. Na3 b5 7. c3 c5 8. Nc2
Bb7 9. Re1 Ne7 10. d3 g6 11. Be3 Bg7 12. Qe2 Rd8 13. Rad1 O-O 14. b4 cxb4 15.
cxb4 Rfe8 16. Bc5 Qe6 17. d4 exd4 18. Ncxd4 Qc8 19. Qc2 Qa8 20. Ng5 Bf6 21.
Nxf7 Kxf7 22. Qb3+ Nd5 23. exd5 Bxd5 24. Qg3 Qc8 25. a3 c6 26. Nf3 Qf5 27. Nd4
Qg5 28. Qxg5 Bxg5 29. g3 Bd2 30. Re7+ Rxe7 31. Bxe7 Re8 32. Rxd2 Rxe7 33. Re2
Rxe2 34. Nxe2 Ke6 35. Nf4+ Kd6 36. Nd3 a5 37. Nc5 axb4 38. axb4 Bf3 39. Kf1 Kd5
40. Ke1 Kc4 41. Na6 Kc3 42. h3 h6 43. Kf1 c5 44. Nxc5 Kxb4 45. Nd3+ Kc3 46. Ne5
Be4 47. Ke2 b4 48. Ng4 b3 49. Ne3 Bd3+ 50. Ke1 Bc2 51. Nd5+ Kd4 52. Nb4 Be4 53.
Kd2 b2 54. Nc2+ Ke5 55. Na3 b1=N+ 56. Nxb1 Bxb1 57. Ke3 g5 58. f4+ gxf4+ 59.
gxf4+ Kf5 60. Kf3 Be4+ 61. Kg3 Bc6 62. Kh4 Bf3 63. Kg3 Bd1 64. Kh4 Kg6 65. Kg3
Kh5 66. Kh2 Kh4 67. Kg2 Bc2 0-1

[Event "Campeonato de España sub-16 2011"]
[Site "Padron ESP"]
[Date "2011.07.20"]
[Round "3.3"]
[White "Sanchez Ibern, Marc"]
[Black "Acosta Sosa, Juan Manuel"]
[Result "1/2-1/2"]
[WhiteElo "2327"]
[BlackElo "2088"]
[PlyCount "76"]
[EventDate "2011.07.19"]
[EventType "swiss"]
[EventRounds "9"]
[EventCountry "ESP"]
[Source "lmi"]
[SourceDate "2011.07.19"]

1. e4 e5 2. Nf3 Nf6 3. Nxe5 d6 4. Nf3 Nxe4 5. d4 d5 6. Bd3 Nc6 7. O-O Be7 8. c4
Nf6 9. Nc3 Bg4 10. Be3 O-O 11. c5 Re8 12. Bb5 Ne4 13. h3 Nxc3 14. bxc3 Bd7 15.
Re1 Bf6 16. Qc2 g6 17. g4 Ne7 18. Bd3 b6 19. cxb6 axb6 20. Ne5 Bg7 21. f4 Ba4
22. Qg2 f6 23. Nf3 Nc8 24. g5 fxg5 25. Nxg5 Qd6 26. f5 Bd7 27. f6 Bxf6 28. Nxh7
Bh4 29. Bxg6 Bxe1 30. Rxe1 Rxa2 31. Bc2+ Kh8 32. Ng5 Rf8 33. Rf1 Bf5 34. Rxf5
Rxf5 35. Qg4 Rxg5 36. Bxg5 Rxc2 37. Bf4 Qf6 38. Be5 Rc1+ 1/2-1/2

[Event "Campeonato de España sub-16 2011"]
[Site "Padron ESP"]
[Date "2011.07.20"]
[Round "3.4"]
[White "Bals Hernandez, Jordi"]
[Black "Ladron De Guevara Pinto, Paolo"]
[Result "0-1"]
[WhiteElo "2089"]
[BlackElo "2269"]
[PlyCount "74"]
[EventDate "2011.07.19"]
[EventType "swiss"]
[EventRounds "9"]
[EventCountry "ESP"]
[Source "lmi"]
[SourceDate "2011.07.19"]

1. d4 e6 2. c4 Bb4+ 3. Nc3 c5 4. e3 d6 5. Qc2 Nc6 6. Nf3 Nf6 7. a3 Ba5 8. Be2
O-O 9. O-O Bc7 10. d5 Ne7 11. e4 Ng6 12. b4 b6 13. Ne1 e5 14. Nd3 Nd7 15. Be3
a6 16. g3 Qe7 17. h4 Re8 18. h5 Ngf8 19. Rfb1 Nf6 20. h6 Ng4 21. hxg7 Kxg7 22.
Qd2 Nxe3 23. Qxe3 Ng6 24. Kg2 f5 25. Rh1 f4 26. Qf3 Rf8 27. Qh5 Kg8 28. a4 cxb4
29. Nxb4 Qf7 30. Raf1 Qg7 31. Nd3 Bd7 32. Bg4 Bxg4 33. Qxg4 Rf7 34. Qh3 Raf8
35. Qh6 Qxh6 36. Rxh6 fxg3 37. Kxg3 Rf3+ 0-1

[Event "Campeonato de España sub-16 2011"]
[Site "Padron ESP"]
[Date "2011.07.20"]
[Round "3.5"]
[White "Alcaraz Ortega, Javier"]
[Black "Shen, Yue"]
[Result "1-0"]
[WhiteElo "2248"]
[BlackElo "2053"]
[PlyCount "83"]
[EventDate "2011.07.19"]
[EventType "swiss"]
[EventRounds "9"]
[EventCountry "ESP"]
[Source "lmi"]
[SourceDate "2011.07.19"]

1. d4 Nf6 2. Nf3 g6 3. c4 Bg7 4. Nc3 O-O 5. e4 d6 6. Be2 e5 7. O-O Nc6 8. d5
Ne7 9. b4 a5 10. Ba3 axb4 11. Bxb4 b6 12. Nd2 c5 13. dxc6 Nxc6 14. a3 Ne8 15.
Nb3 Be6 16. Nd5 Nxb4 17. axb4 Rxa1 18. Nxa1 f5 19. Bf3 Nf6 20. exf5 gxf5 21.
Nxf6+ Qxf6 22. Bd5 Qf7 23. Nc2 Bxd5 24. cxd5 Rc8 25. f3 Bh6 26. Qd3 Qc7 27. Na3
Qd7 28. Nb5 Ra8 29. Re1 Ra4 30. Qc4 Bd2 31. Rb1 Ra8 32. Qc6 Qxc6 33. dxc6 Rc8
34. c7 Kf8 35. Kf2 Ke7 36. Ke2 Bf4 37. g3 Bg5 38. Rd1 e4 39. Rd5 exf3+ 40. Kxf3
Bf6 41. Rxf5 Be5 42. Rh5 1-0

[Event "Campeonato de España sub-16 2011"]
[Site "Padron ESP"]
[Date "2011.07.20"]
[Round "3.6"]
[White "Rojano Alfonso, Carlos"]
[Black "Santos Latasa, Jaime"]
[Result "0-1"]
[WhiteElo "2060"]
[BlackElo "2242"]
[PlyCount "156"]
[EventDate "2011.07.19"]
[EventType "swiss"]
[EventRounds "9"]
[EventCountry "ESP"]
[Source "lmi"]
[SourceDate "2011.07.19"]

1. e4 d5 2. exd5 Nf6 3. Bc4 Bg4 4. Be2 Bxe2 5. Qxe2 Nxd5 6. Nf3 e6 7. a3 Nd7 8.
Nc3 c6 9. O-O Be7 10. Ne4 O-O 11. d4 N7f6 12. Re1 Nxe4 13. Qxe4 Nf6 14. Qe2 Rc8
15. b3 a5 16. c4 Qb6 17. Be3 Ng4 18. Qc2 Nxe3 19. Rxe3 Rfd8 20. Qe4 Bf6 21. Rd1
h6 22. h3 Qa6 23. Ne5 c5 24. d5 exd5 25. cxd5 Bxe5 26. Qxe5 Qd6 27. Qc3 b6 28.
Rg3 f6 29. Qd3 Kh8 30. Qg6 Qd7 31. d6 Re8 32. Rd5 Re1+ 33. Kh2 Rce8 34. Rh5
R1e6 35. Rg4 f5 36. Qxf5 Qxd6+ 37. g3 Rf6 38. Qc2 Ref8 39. f4 Re8 40. Re5 Rxe5
41. fxe5 Qxe5 42. Re4 Qf5 43. Re8+ Kh7 44. Qxf5+ Rxf5 45. Kg2 Kg6 46. a4 Rf6
47. Re7 Rd6 48. Re3 Kf6 49. Kf3 Rd4 50. Rc3 h5 51. h4 Rb4 52. Ke3 Ke5 53. Rd3
Rd4 54. Rc3 Kd5 55. Rc2 Rb4 56. Rd2+ Ke5 57. Rd3 c4 58. bxc4 Rxc4 59. Rb3 Rb4
60. Ra3 g6 61. Ra2 Rb3+ 62. Kf2 Kf5 63. Rc2 Kg4 64. Rc4+ Kh3 65. Rc6 Rxg3 66.
Rxb6 Kxh4 67. Rb5 Rg5 68. Kf3 Rf5+ 69. Kg2 Kg5 70. Kg3 h4+ 71. Kh3 Kh5 72. Kh2
Kg4 73. Kg2 h3+ 74. Kg1 Kg3 75. Rb3+ Rf3 76. Rb1 g5 77. Kh1 g4 78. Rc1 Ra3 0-1

[Event "Campeonato de España sub-16 2011"]
[Site "Padron ESP"]
[Date "2011.07.20"]
[Round "3.7"]
[White "Tallo Dominguez, Imar"]
[Black "Gonzalez Hernandez, Ferran"]
[Result "1-0"]
[WhiteElo "2176"]
[BlackElo "2031"]
[PlyCount "109"]
[EventDate "2011.07.19"]
[EventType "swiss"]
[EventRounds "9"]
[EventCountry "ESP"]
[Source "lmi"]
[SourceDate "2011.07.19"]

1. b3 e5 2. Bb2 Nc6 3. e3 Nf6 4. Bb5 Bd6 5. Nf3 Qe7 6. Bxc6 dxc6 7. d3 b6 8.
Nbd2 Ba6 9. e4 O-O 10. O-O Nd7 11. a3 Bb7 12. d4 c5 13. d5 f5 14. c4 f4 15. Ne1
Bc8 16. Nd3 Nf6 17. Qc2 Bg4 18. f3 Bh5 19. Rfe1 Nd7 20. b4 Qg5 21. Re2 a5 22.
b5 Rf6 23. Rf2 Raf8 24. Kf1 Qh4 25. Ke2 Bg6 26. Rh1 h6 27. Kd1 Bh7 28. Kc1 R6f7
29. Bc3 Re7 30. Kb2 Kf7 31. Nf1 Ke8 32. Rg1 g5 33. g3 Qh5 34. Qe2 fxg3 35. Rxg3
Kd8 36. Nd2 Kc8 37. Qf1 Kb7 38. Qg2 Qf7 39. Rf1 Nf6 40. h4 Nh5 41. Rg4 Nf4 42.
Nxf4 gxf4 43. Rg1 Qf6 44. Nb3 Rff7 45. Nc1 Rd7 46. Nd3 Rde7 47. Rxf4 Qxf4 48.
Nxf4 Rxf4 49. Bd2 Rf6 50. Qh3 Ref7 51. Rg3 Re7 52. Kc3 Ref7 53. Kd3 Bf8 54. Qg2
Bg6 55. Rxg6 1-0

[Event "Campeonato de España sub-16 2011"]
[Site "Padron ESP"]
[Date "2011.07.20"]
[Round "3.8"]
[White "Jimenez Almeida, Luis David"]
[Black "Aranaz Murillo, Amalia"]
[Result "0-1"]
[WhiteElo "1998"]
[BlackElo "2176"]
[PlyCount "58"]
[EventDate "2011.07.19"]
[EventType "swiss"]
[EventRounds "9"]
[EventCountry "ESP"]
[Source "lmi"]
[SourceDate "2011.07.19"]

1. d4 Nf6 2. c4 c5 3. d5 b5 4. cxb5 a6 5. bxa6 g6 6. Nc3 Bxa6 7. g3 Bg7 8. Bg2
d6 9. Nf3 Nfd7 10. O-O Nb6 11. Re1 N8d7 12. e4 O-O 13. Bf1 Bxf1 14. Kxf1 Qc8
15. Kg2 Qa6 16. Qc2 Nc4 17. a4 Rfc8 18. b3 Qa5 19. bxc4 Qxc3 20. Ra2 Qxc2 21.
Rxc2 Rxa4 22. Bg5 f6 23. Bf4 Rb8 24. Nd2 g5 25. Be3 Ne5 26. Rc3 f5 27. Rc2 Nd3
28. Rb1 Rxb1 29. Nxb1 Ne1+ 0-1

[Event "Campeonato de España sub-16 2011"]
[Site "Padron ESP"]
[Date "2011.07.20"]
[Round "3.9"]
[White "Valhondo Morales, Ruben"]
[Black "Villasenor Rubio, Emilio Jose"]
[Result "1-0"]
[WhiteElo "1993"]
[BlackElo "2159"]
[PlyCount "77"]
[EventDate "2011.07.19"]
[EventType "swiss"]
[EventRounds "9"]
[EventCountry "ESP"]
[Source "lmi"]
[SourceDate "2011.07.19"]

1. e4 e6 2. d4 d5 3. Nc3 Bb4 4. e5 c5 5. a3 Bxc3+ 6. bxc3 Qa5 7. Bd2 Qa4 8. Nf3
Nc6 9. h4 Bd7 10. h5 O-O-O 11. Rh4 f6 12. Bf4 Be8 13. g3 Nge7 14. Bh3 Bf7 15.
h6 gxh6 16. Rxh6 Ng8 17. Rh4 h6 18. exf6 Qc4 19. Qd3 cxd4 20. cxd4 Nxf6 21. Ne5
Qxd3 22. cxd3 Be8 23. Bxe6+ Bd7 24. Nxd7 Nxd7 25. Bxd5 Rde8+ 26. Kf1 Nf6 27.
Bxc6 bxc6 28. Rb1 Nd7 29. Rh5 Nb6 30. a4 Nxa4 31. Rb8+ Kd7 32. Rb7+ Ke6 33.
Rxa7 Nc3 34. Rc5 Nd5 35. Rxc6+ Kf5 36. Rf7+ Kg4 37. Kg2 Nxf4+ 38. Rxf4+ Kg5 39.
Rcf6 1-0

[Event "Campeonato de España sub-16 2011"]
[Site "Padron ESP"]
[Date "2011.07.20"]
[Round "3.10"]
[White "Quintin Navarro, Alberto"]
[Black "Segura Santos, Luis"]
[Result "1-0"]
[WhiteElo "2153"]
[BlackElo "1923"]
[PlyCount "69"]
[EventDate "2011.07.19"]
[EventType "swiss"]
[EventRounds "9"]
[EventCountry "ESP"]
[Source "lmi"]
[SourceDate "2011.07.19"]

1. d4 d5 2. c4 e6 3. Nf3 Nf6 4. g3 dxc4 5. Bg2 a6 6. O-O Nc6 7. e3 Bd7 8. Qe2
b5 9. Rd1 Be7 10. Ne5 Nxe5 11. dxe5 Nd5 12. Nc3 c6 13. Nxd5 cxd5 14. e4 Qc7 15.
exd5 exd5 16. Bxd5 Bc6 17. Qg4 g6 18. Bh6 Rd8 19. Qf3 Rxd5 20. Rxd5 Qb7 21.
Rad1 Rg8 22. h4 Bxd5 23. Rxd5 Qc7 24. Qe4 Bc5 25. Rxc5 Qxc5 26. Qa8+ Ke7 27.
Qxg8 Qxe5 28. Qf8+ Ke6 29. Qe8+ Kf5 30. Qxe5+ Kxe5 31. Kf1 Kd4 32. Ke2 b4 33.
Kd2 f5 34. Be3+ Kd5 35. b3 1-0

[Event "Campeonato de España sub-16 2011"]
[Site "Padron ESP"]
[Date "2011.07.20"]
[Round "3.11"]
[White "Perez Barreto, Adrian"]
[Black "Ballester Llagaria, Luis Eduard"]
[Result "1/2-1/2"]
[WhiteElo "1934"]
[BlackElo "2139"]
[PlyCount "126"]
[EventDate "2011.07.19"]
[EventType "swiss"]
[EventRounds "9"]
[EventCountry "ESP"]
[Source "lmi"]
[SourceDate "2011.07.19"]

1. d4 d5 2. c4 dxc4 3. Nf3 Nf6 4. e3 e6 5. Bxc4 a6 6. O-O b5 7. Bb3 Bb7 8. Qe2
c5 9. a4 b4 10. Bc2 Nbd7 11. b3 Rc8 12. Bb2 cxd4 13. Nxd4 Bc5 14. Rd1 O-O 15.
Bd3 Qa5 16. Nd2 Ne5 17. Nxe6 fxe6 18. Bxe5 Be7 19. Nc4 Rxc4 20. Bxf6 Rc7 21.
Bxe7 Rxe7 22. Qg4 Rf6 23. Be4 Qb6 24. Bxb7 Qxb7 25. Rd8+ Kf7 26. Rd4 Rg6 27.
Qe4 Qxe4 28. Rxe4 Rb7 29. Re5 Rf6 30. Rc1 Rf5 31. Rxf5+ exf5 32. Rc5 Ke6 33.
Kf1 Rb6 34. Ke2 g5 35. Rc7 h6 36. a5 Rd6 37. Rb7 Rd5 38. Rb6+ Ke5 39. Rxa6 Rc5
40. Rb6 Rxa5 41. Rxb4 h5 42. Ra4 Rc5 43. Kd2 Rd5+ 44. Kc2 Rc5+ 45. Kd3 Rd5+ 46.
Rd4 Ra5 47. Kc3 Ra1 48. f4+ gxf4 49. exf4+ Ke6 50. g3 Rc1+ 51. Kb2 Rf1 52. Rd2
h4 53. b4 hxg3 54. hxg3 Rf3 55. b5 Rxg3 56. b6 Rg7 57. Kc3 Rb7 58. Rb2 Kd5 59.
Rb5+ Ke4 60. Rb4+ Kd5 61. Kd3 Kc5 62. Rb1 Rd7+ 63. Ke3 Rb7 1/2-1/2

[Event "Campeonato de España sub-16 2011"]
[Site "Padron ESP"]
[Date "2011.07.20"]
[Round "3.12"]
[White "Porto Fuentes, Oscar"]
[Black "Rodriguez Ferraz, Borja"]
[Result "0-1"]
[WhiteElo "1544"]
[BlackElo "2125"]
[PlyCount "66"]
[EventDate "2011.07.19"]
[EventType "swiss"]
[EventRounds "9"]
[EventCountry "ESP"]
[Source "lmi"]
[SourceDate "2011.07.19"]

1. d4 Nf6 2. c4 e6 3. Nc3 Bb4 4. e3 O-O 5. Nf3 Bxc3+ 6. bxc3 d6 7. Bd3 c5 8.
O-O Nc6 9. a4 e5 10. d5 Na5 11. e4 h6 12. h3 b6 13. Be3 Nh7 14. Qc2 Qf6 15. Kh1
Bxh3 16. Ng1 Bc8 17. Ne2 Ba6 18. Qa2 Qh4+ 19. Kg1 Nf6 20. f3 Nh5 21. Bf2 Qg5
22. g3 Bc8 23. Kg2 f5 24. Rh1 Nf4+ 25. Nxf4 exf4 26. exf5 Bxf5 27. Bxf5 Qxf5
28. g4 Qd3 29. Rh5 Rae8 30. Rah1 Re2 31. Qa1 Rfe8 32. Rf1 Nxc4 33. Qc1 Ne3+ 0-1

[Event "Campeonato de España sub-16 2011"]
[Site "Padron ESP"]
[Date "2011.07.20"]
[Round "3.13"]
[White "Cruz Lledo, Pablo"]
[Black "Cerezo Gaston, Alberto"]
[Result "1-0"]
[WhiteElo "2269"]
[BlackElo "1894"]
[PlyCount "121"]
[EventDate "2011.07.19"]
[EventType "swiss"]
[EventRounds "9"]
[EventCountry "ESP"]
[Source "lmi"]
[SourceDate "2011.07.19"]

1. d4 Nf6 2. c4 g6 3. Nc3 Bg7 4. e4 d6 5. f3 O-O 6. Nge2 Nbd7 7. Be3 c5 8. d5
Ne5 9. Ng3 h5 10. Be2 h4 11. Nf1 h3 12. g4 Qa5 13. Ng3 b5 14. cxb5 a6 15. O-O
axb5 16. Nxb5 Ba6 17. a4 Rfb8 18. Qd2 Qxd2 19. Bxd2 Bxb5 20. axb5 Ned7 21. Bc3
Nb6 22. Ra6 Ne8 23. Rfa1 Nc7 24. Ra7 Nc8 25. Rxa8 Nxa8 26. Nf1 Kh7 27. Kf2 Nc7
28. Ra5 f5 29. Kg3 fxe4 30. fxe4 Rb7 31. Nd2 Nb6 32. Kxh3 e6 33. Nc4 Nc8 34. b6
exd5 35. Nxd6 Nxd6 36. bxc7 d4 37. Rxc5 dxc3 38. bxc3 Rb3 39. c8=Q Nxc8 40.
Rxc8 Rxc3+ 41. Rxc3 Bxc3 42. g5 Be5 43. Kg2 Kg7 44. h4 Bd6 45. Kf3 Be5 46. Kg4
Bc3 47. Bc4 Bd2 48. h5 Bc3 49. hxg6 Kxg6 50. Bb5 Be5 51. Be8+ Kg7 52. Kf5 Bd6
53. Bb5 Bb4 54. Bd3 Bc3 55. e5 Bb4 56. Ke6 Bd2 57. g6 Bg5 58. Bc2 Bh4 59. Be4
Kf8 60. Bc6 Be7 61. Kd5 1-0